[Event "26.Schlosspark-Open"]
[Site "Wiesbaden-Biebrich"]
[Date "2014.08.30"]
[Round "5.1"]
[White "Carlstedt, Jonathan"]
[Black "Kunin, Vitaly"]
[Result "1/2-1/2"]
[WhiteElo "2437"]
[BlackElo "2575"]
[PlyCount "86"]
[EventDate "2014.??.??"]
[WhiteTeam "Hamburger SK von 1830 eV"]
[BlackTeam "Freibauer Mörlenbach-Birkenau"]

1. c4 e5 2. a3 c6 3. Nf3 e4 4. Nd4 d5 5. cxd5 cxd5 6. Nc3 Nf6 7. d3 exd3 8. e3
Nc6 9. Bxd3 Bd6 10. Be2 O-O 11. O-O Be6 12. b4 a5 13. Nxe6 fxe6 14. b5 Ne5 15.
f4 Rc8 16. Qb3 Ned7 17. Bb2 Nc5 18. Qd1 Bb8 19. Rf3 Kh8 20. Rh3 e5 21. Bg4 d4
22. Bxc8 dxc3 23. Bxc3 Qxc8 24. Bxe5 Bxe5 25. fxe5 Nfe4 26. Qh5 h6 27. Rf3 Rd8
28. Rc1 Qe6 29. Rcf1 Kg8 30. Rf4 Qb3 31. Qf3 Ng5 32. Rf8+ Kh7 33. Qf5+ g6 34.
Qf6 Rxf8 35. Qxf8 Qxe3+ 36. Kh1 Qxe5 37. h4 Nce4 38. hxg5 Ng3+ 39. Kg1 Qe3+ 40.
Rf2 Ne2+ 41. Kf1 Ng3+ 42. Kg1 Ne2+ 43. Kf1 Ng3+ 1/2-1/2

[Event "26.Schlosspark-Open"]
[Site "Wiesbaden-Biebrich"]
[Date "2014.08.30"]
[Round "5.2"]
[White "Khenkin, Igor"]
[Black "Legde, Georg"]
[Result "1-0"]
[WhiteElo "2574"]
[BlackElo "2323"]
[PlyCount "81"]
[EventDate "2014.??.??"]
[WhiteTeam "SG Porz e.V."]
[BlackTeam "Freibauer Mörlenbach-Birkenau"]

1. d4 Nf6 2. c4 e6 3. Nf3 c5 4. d5 exd5 5. cxd5 d6 6. Nc3 g6 7. Bf4 a6 8. a4
Bg7 9. h3 O-O 10. e3 Re8 11. Nd2 Nbd7 12. Be2 Ne5 13. O-O Nfd7 14. e4 g5 15.
Be3 Nf8 16. Qc2 Nfg6 17. Nd1 Nf4 18. Re1 f5 19. Bxf4 gxf4 20. Nc3 fxe4 21.
Ncxe4 Bf5 22. a5 Rb8 23. Ra4 Qd7 24. Qd1 Ng6 25. b3 Kh8 26. Bg4 Bxg4 27. hxg4
Ne5 28. Nc4 Nxc4 29. Rxc4 Be5 30. Ng5 b5 31. axb6 Rxb6 32. Ne6 Qb7 33. Nxf4
Rxb3 34. Nd3 Qb5 35. Qc2 a5 36. Nxe5 dxe5 37. Rxc5 Qb4 38. Rc1 a4 39. Rc7 e4
40. Qc6 Rf8 41. Qh6 1-0

[Event "26.Schlosspark-Open"]
[Site "Wiesbaden-Biebrich"]
[Date "2014.08.30"]
[Round "5.3"]
[White "Boidman, Yuri"]
[Black "Poetsch, Hagen"]
[Result "0-1"]
[WhiteElo "2384"]
[BlackElo "2494"]
[PlyCount "90"]
[EventDate "2014.??.??"]
[WhiteTeam "SC Heimbach-Weis/Neuwied"]
[BlackTeam "SF Schöneck"]

1. Nf3 Nf6 2. d4 b6 3. Bg5 Ne4 4. Bh4 Bb7 5. Nbd2 Nxd2 6. Qxd2 g6 7. Bg5 h6 8.
Bf4 Bg7 9. O-O-O e6 10. h4 d6 11. e3 Nd7 12. c3 Qe7 13. Qc2 O-O 14. e4 e5 15.
dxe5 dxe5 16. Be3 Nf6 17. Nd2 Ng4 18. Nc4 Qe6 19. f3 Ba6 20. fxg4 Bxc4 21. Bxc4
Qxc4 22. b3 Qe6 23. Qe2 a5 24. h5 a4 25. Qc4 axb3 26. Qxe6 bxa2 27. Qxa2 Rxa2
28. Bd2 Rd8 29. Be3 Rxd1+ 30. Rxd1 Rxg2 31. Rd8+ Kh7 32. Rd7 Rxg4 33. Rxc7 b5
34. Rxf7 gxh5 35. Rb7 h4 36. Rxb5 Rg2 37. Rb2 Rxb2 38. Kxb2 Bf6 39. c4 Kg6 40.
Bg1 Bg5 41. c5 Kf7 42. Kc3 Ke6 43. Kc4 h3 44. c6 Kd6 45. Kb5 Kc7 0-1

[Event "26.Schlosspark-Open"]
[Site "Wiesbaden-Biebrich"]
[Date "2014.08.30"]
[Round "5.4"]
[White "Kiese, Matthias"]
[Black "Haag, Martin"]
[Result "1/2-1/2"]
[WhiteElo "2202"]
[BlackElo "2307"]
[PlyCount "77"]
[EventDate "2014.??.??"]
[WhiteTeam "Bochumer SV 02"]
[BlackTeam "SC Bonn Beuel"]

1. d4 d5 2. Nf3 e6 3. c4 c5 4. cxd5 exd5 5. Nc3 Nc6 6. g3 Nf6 7. Bg2 Be7 8. O-O
O-O 9. Bg5 c4 10. Ne5 Be6 11. Nxc4 dxc4 12. Bxf6 Bxf6 13. d5 Qb6 14. Na4 Qa5
15. dxc6 Rad8 16. Qc2 Rd2 17. Qc1 bxc6 18. Qe1 Rfd8 19. Rd1 c3 20. Rxd2 cxd2
21. Qd1 Bxa2 22. Be4 Qb4 23. Bc2 Be6 24. Qa1 Bg4 25. Nc3 Bxc3 26. bxc3 Qc5 27.
Bd3 Rxd3 28. exd3 Qh5 29. Qb2 h6 30. Qxd2 Bh3 31. Qe3 Bxf1 32. Kxf1 a5 33. Qe8+
Kh7 34. Qxc6 Qd1+ 35. Kg2 Qxd3 36. c4 Qc2 37. c5 a4 38. Qa6 Qxc5 39. Qxa4
1/2-1/2

[Event "26.Schlosspark-Open"]
[Site "Wiesbaden-Biebrich"]
[Date "2014.08.30"]
[Round "5.5"]
[White "Hahn, Markus"]
[Black "Cofman, Veaceslav"]
[Result "0-1"]
[WhiteElo "2221"]
[BlackElo "2094"]
[PlyCount "84"]
[EventDate "2014.??.??"]
[WhiteTeam "Kasseler SK 1876"]
[BlackTeam "Karlsruher SF 1853"]

1. d4 d5 2. c4 Nc6 3. Nc3 e6 4. Nf3 Nf6 5. g3 Bb4 6. Bg2 O-O 7. Qd3 Ne4 8. O-O
Bxc3 9. bxc3 b6 10. cxd5 exd5 11. Nd2 Nxd2 12. Bxd2 Ne7 13. e4 Bb7 14. e5 a5
15. Qf3 Qd7 16. Qh5 Bc8 17. f4 g6 18. Qf3 Qf5 19. Bc1 Be6 20. Ba3 Rfe8 21. Rab1
Rad8 22. h3 h5 23. Rb5 Kg7 24. g4 hxg4 25. hxg4 Qxg4 26. Qxg4 Bxg4 27. Bxe7
Rxe7 28. Rxd5 Rh8 29. Rf2 Bd7 30. Rxd7 Rxd7 31. Bc6 Rdd8 32. f5 gxf5 33. d5 Kf8
34. Kf1 Ke7 35. Ke2 Rh3 36. Kd2 Rg8 37. Kc2 Rgg3 38. Kb3 Rxc3+ 39. Ka4 Rc5 40.
Rxf5 Rh4+ 41. Ka3 Rc3+ 42. Kb2 Re3 0-1

[Event "26.Schlosspark-Open"]
[Site "Wiesbaden-Biebrich"]
[Date "2014.08.30"]
[Round "5.6"]
[White "Bingert, Tim Niklas"]
[Black "Nagel, Bernhard"]
[Result "1/2-1/2"]
[WhiteElo "2120"]
[BlackElo "2204"]
[PlyCount "60"]
[EventDate "2014.??.??"]
[WhiteTeam "SV 1920 Hofheim"]
[BlackTeam "Wiesbadener SV 1885"]

1. e4 e5 2. Nf3 Nc6 3. Bb5 a6 4. Ba4 Nf6 5. d3 d6 6. c3 Bd7 7. O-O g6 8. Bg5 h6
9. Bh4 Be7 10. Nbd2 Nh5 11. Bg3 O-O 12. Re1 Qe8 13. Bb3 Kh7 14. d4 Nxg3 15.
hxg3 Bf6 16. dxe5 Nxe5 17. Nxe5 Bxe5 18. Nf3 Rd8 19. Nxe5 dxe5 20. Qf3 Be6 21.
Rad1 Qe7 22. Rxd8 Rxd8 23. Rd1 Bxb3 24. axb3 Kg7 25. Rd3 Qg5 26. Kh2 Qe7 27.
Rxd8 Qxd8 28. Qe3 Qd1 29. Qc5 Qh5+ 30. Kg1 Qd1+ 1/2-1/2

[Event "26.Schlosspark-Open"]
[Site "Wiesbaden-Biebrich"]
[Date "2014.08.30"]
[Round "5.7"]
[White "Kregelin, Jan"]
[Black "Malek, Daniel"]
[Result "0-1"]
[WhiteElo "2073"]
[BlackElo "2391"]
[PlyCount "86"]
[EventDate "2014.??.??"]
[WhiteTeam "FVS ASP Hoyerswerda"]
[BlackTeam "Wiesbadener SV 1885"]

1. d4 Nf6 2. c4 e6 3. Nc3 Bb4 4. e3 c5 5. Bd3 Nc6 6. Nf3 Bxc3+ 7. bxc3 d6 8.
O-O e5 9. d5 Ne7 10. e4 h6 11. Nh4 O-O 12. f4 Ng6 13. Nxg6 fxg6 14. fxe5 dxe5
15. Be3 b6 16. a4 a5 17. Rb1 Bd7 18. Rb2 Rb8 19. Rbf2 g5 20. h3 Qe8 21. Bc2 Qg6
22. g4 Qe8 23. Kh2 Qe7 24. Kg2 Qd6 25. Bd2 Nh7 26. Rxf8+ Nxf8 27. Be1 Ng6 28.
Bg3 Nf4+ 29. Kh2 Rf8 30. Rf2 Rf6 31. Bxf4 gxf4 32. Qf3 Qe7 33. Bd1 Rg6 34. Rg2
Qe8 35. h4 Bxa4 36. h5 Bxd1 37. Qxd1 Rf6 38. Qf3 Qe7 39. g5 hxg5 40. Rxg5 a4
41. Qh3 Kh7 42. Rg6 a3 43. Qg4 a2 0-1

[Event "26.Schlosspark-Open"]
[Site "Wiesbaden-Biebrich"]
[Date "2014.08.30"]
[Round "5.8"]
[White "Thybo, Jesper Sondergaard"]
[Black "Kiefer, Daniel"]
[Result "1-0"]
[WhiteElo "2121"]
[BlackElo "2263"]
[PlyCount "83"]
[EventDate "2014.??.??"]
[WhiteTeam "Skive Skak Klub"]
[BlackTeam "Sfr.Mainz 1928"]

1. d4 Nf6 2. c4 c5 3. d5 b5 4. cxb5 a6 5. bxa6 g6 6. Nc3 Bxa6 7. Nf3 d6 8. e4
Bxf1 9. Kxf1 Bg7 10. g3 O-O 11. Kg2 Nbd7 12. Qe2 Qb6 13. Nd2 Qb7 14. Nc4 Ra6
15. Bd2 e6 16. Qf3 exd5 17. exd5 Ne5 18. Nxe5 dxe5 19. Rab1 Nd7 20. Rhd1 f5 21.
Bg5 Rb6 22. Na4 Rb4 23. b3 e4 24. Qe2 Bd4 25. Bd2 Rb5 26. Be3 Ne5 27. Bxd4 cxd4
28. Rxd4 Rxd5 29. Rbd1 Rxd4 30. Rxd4 Rc8 31. b4 Rc1 32. Nc5 Qc6 33. Rd8+ Kf7
34. Qe3 Nd3 35. Rd7+ Kf6 36. Qd4+ Kg5 37. h4+ Kh6 38. Qe3+ f4 39. gxf4 Re1 40.
Qd4 Nxf4+ 41. Kh2 e3 42. Qxf4+ 1-0

[Event "26.Schlosspark-Open"]
[Site "Wiesbaden-Biebrich"]
[Date "2014.08.30"]
[Round "5.9"]
[White "Rafiee, Makan"]
[Black "Keymer, Vincent"]
[Result "1-0"]
[WhiteElo "2258"]
[BlackElo "2036"]
[PlyCount "125"]
[EventDate "2014.??.??"]
[WhiteTeam "Kasseler SK 1876"]
[BlackTeam "SK Gau-Algesheim"]

1. e4 c5 2. Nf3 d6 3. d4 cxd4 4. Nxd4 Nf6 5. Nc3 a6 6. Bg5 Nbd7 7. f4 Qc7 8.
Qf3 h6 9. Bxf6 Nxf6 10. h3 e6 11. O-O-O b5 12. a3 Rb8 13. e5 dxe5 14. Qc6+ Qd7
15. fxe5 Nd5 16. Nxd5 exd5 17. Be2 Qxc6 18. Nxc6 Rb6 19. Nb4 Bxb4 20. axb4 Rg6
21. Bf3 Bb7 22. g4 O-O 23. Bxd5 Bxd5 24. Rxd5 Re8 25. Rhd1 Kh7 26. Rf1 Re7 27.
Kd2 h5 28. Rf4 hxg4 29. hxg4 Rg5 30. Kd3 f6 31. Rf5 Rxg4 32. exf6 Rg3+ 33. Kd4
gxf6 34. Rxf6 Rg2 35. c3 Rxb2 36. Rxa6 Rd2+ 37. Kc5 Rc2 38. Ra3 Rb7 39. Kc6 Rb8
40. Rxb5 Rc8+ 41. Kb6 Rb8+ 42. Kc6 Rc8+ 43. Kb7 Re8 44. Rc5 Rd2 45. b5 Rdd8 46.
b6 Rb8+ 47. Kc6 Re6+ 48. Kd7 Rexb6 49. c4 R8b7+ 50. Rc7 Rb8 51. Rg3 Rf8 52. c5
Rbf6 53. c6 Kh6 54. Rb7 Kh7 55. Kc7 Kh8 56. Rb2 Rh6 57. Kb7 Rh7+ 58. c7 Re8 59.
Rc2 Rxc7+ 60. Rxc7 Rb8+ 61. Kc6 Rb6+ 62. Kd5 Rb5+ 63. Rc5 1-0

[Event "26.Schlosspark-Open"]
[Site "Wiesbaden-Biebrich"]
[Date "2014.08.30"]
[Round "5.11"]
[White "Sergin, Mark"]
[Black "Holzschuh, Gerald"]
[Result "1-0"]
[WhiteElo "2240"]
[BlackElo "2113"]
[PlyCount "69"]
[EventDate "2014.??.??"]
[WhiteTeam "Kasseler SK 1876"]
[BlackTeam "SC Bad Nauheim"]

1. e4 d6 2. d4 Nf6 3. Nc3 g6 4. Be3 c6 5. h3 Nbd7 6. f4 e5 7. Nf3 Qc7 8. Qd2 b5
9. fxe5 dxe5 10. dxe5 Nxe5 11. Nxe5 Qxe5 12. O-O-O Be7 13. Bf4 Qe6 14. e5 Nh5
15. Bh6 Bd7 16. Be2 Ng3 17. Bf4 Nxe2+ 18. Nxe2 b4 19. Kb1 O-O-O 20. Nd4 Qc4 21.
Qe3 Kb7 22. Nb3 Qb5 23. Bg5 Rhe8 24. Bxe7 Rxe7 25. Nc5+ Kc8 26. Rd6 Be6 27. Qd4
Bd5 28. Qh4 Rde8 29. Nd3 Kc7 30. Qd4 Qb6 31. Qf4 Kb7 32. Rd1 Bxg2 33. Nxb4 Bd5
34. Nxd5 cxd5 35. Rxb6+ 1-0

[Event "26.Schlosspark-Open"]
[Site "Wiesbaden-Biebrich"]
[Date "2014.08.30"]
[Round "5.12"]
[White "Hain, Gunter"]
[Black "Schaack, Harry"]
[Result "1/2-1/2"]
[WhiteElo "2047"]
[BlackElo "2218"]
[PlyCount "59"]
[EventDate "2014.??.??"]
[WhiteTeam "SK Frankenthal"]
[BlackTeam "SF Schöneck"]

1. d4 Nf6 2. Nc3 d5 3. Bg5 Nbd7 4. Nf3 c6 5. Qd3 Qa5 6. Bd2 Qb6 7. O-O-O e6 8.
e4 Bb4 9. e5 Bxc3 10. Bxc3 Ne4 11. Be1 c5 12. c3 c4 13. Qe3 Qa6 14. Kb1 b5 15.
Ng5 Nxg5 16. Qxg5 O-O 17. f4 f6 18. Qg3 Qb6 19. Be2 a5 20. Bd2 b4 21. f5 exf5
22. Qf3 Qe6 23. Bxc4 Nb6 24. Bd3 bxc3 25. Bxc3 Na4 26. Bc2 Nxc3+ 27. Qxc3 fxe5
28. dxe5 Bb7 29. Qd4 Rfd8 30. Rhe1 1/2-1/2

[Event "26.Schlosspark-Open"]
[Site "Wiesbaden-Biebrich"]
[Date "2014.08.30"]
[Round "5.13"]
[White "De Visser, Leon"]
[Black "Busche, Stefan"]
[Result "1-0"]
[WhiteElo "2204"]
[BlackElo "2108"]
[PlyCount "117"]
[EventDate "2014.??.??"]
[WhiteTeam "SC Brett vorm Kopp Ffm"]
[BlackTeam "SVG Saarbrücken 1970 e.V."]

1. c4 Nf6 2. g3 c6 3. Bg2 d5 4. Nf3 Bg4 5. Ne5 Be6 6. cxd5 Bxd5 7. Nf3 c5 8.
Nc3 Bc6 9. O-O e6 10. d3 Be7 11. e4 b6 12. Ne5 Bb7 13. Be3 O-O 14. d4 cxd4 15.
Bxd4 Nbd7 16. Qe2 Bc5 17. Rfd1 Qe7 18. Bxc5 Nxc5 19. Nc4 Rfd8 20. Rac1 Rxd1+
21. Rxd1 Rd8 22. e5 Nd5 23. Ne4 Nxe4 24. Qxe4 g6 25. h4 h5 26. Nd6 Ba8 27. Rc1
Rd7 28. Qa4 Rc7 29. Rxc7 Nxc7 30. Qxa7 Bxg2 31. Kxg2 Nd5 32. Qxe7 Nxe7 33. Kf3
Nd5 34. Ke4 Kf8 35. Kd4 Ke7 36. Ne4 Nb4 37. Kc4 Nxa2 38. b4 Nc1 39. Nd6 f6 40.
Nc8+ Kf7 41. Nxb6 fxe5 42. Nd7 e4 43. Nc5 e3 44. fxe3 Ne2 45. Ne4 Ke7 46. Kc5
Kd7 47. Kb6 Nc1 48. b5 Na2 49. Kc5 Nc1 50. b6 Nd3+ 51. Kb5 Ne5 52. Nc5+ Kd6 53.
b7 Kc7 54. Ka6 Nc6 55. Nxe6+ Kd6 56. Nf4 Ke5 57. Nxg6+ Kf6 58. Nf4 Kf5 59. Nxh5
1-0

[Event "26.Schlosspark-Open"]
[Site "Wiesbaden-Biebrich"]
[Date "2014.08.30"]
[Round "5.14"]
[White "Pioch, Thomas"]
[Black "Hebbering, Tom Elliot"]
[Result "1/2-1/2"]
[WhiteElo "2160"]
[BlackElo "2065"]
[PlyCount "42"]
[EventDate "2014.??.??"]
[WhiteTeam "Sfr.Mainz 1928"]
[BlackTeam "SJ Herborn 1998"]

1. e3 d5 2. d4 Nf6 3. f4 c5 4. c3 e6 5. Bd3 Bd6 6. Nf3 O-O 7. Nbd2 Nc6 8. O-O
Rb8 9. Ne5 Qc7 10. Ndf3 Ne4 11. Bxe4 dxe4 12. Nd2 f5 13. g4 b5 14. Kh1 b4 15.
Rg1 bxc3 16. bxc3 Bxe5 17. dxe5 Qa5 18. Nb3 Qxc3 19. Bd2 Qb2 20. Bc1 Qc3 21.
Bd2 Qb2 1/2-1/2

[Event "26.Schlosspark-Open"]
[Site "Wiesbaden-Biebrich"]
[Date "2014.08.30"]
[Round "5.15"]
[White "Davenport, Darcy"]
[Black "Berberich, Christoph"]
[Result "1/2-1/2"]
[WhiteElo "2153"]
[BlackElo "2056"]
[PlyCount "45"]
[EventDate "2014.??.??"]
[WhiteTeam "vereinslos"]
[BlackTeam "SK Freiburg Zähringen 1887 e.V."]

1. d4 Nf6 2. c4 c5 3. d5 b5 4. cxb5 a6 5. bxa6 Bxa6 6. Nc3 g6 7. Nf3 Bg7 8. g3
d6 9. Bg2 Nbd7 10. Rb1 Nb6 11. b3 Ra7 12. O-O Qa8 13. Nh4 O-O 14. a4 Rb8 15.
Bb2 Rab7 16. Qc2 Nbd7 17. Ba3 Qa7 18. Nf3 Ne8 19. Rfe1 Ne5 20. Nxe5 Bxe5 21.
Ne4 Qb6 22. Nd2 Qa5 23. Rbc1 1/2-1/2

[Event "26.Schlosspark-Open"]
[Site "Wiesbaden-Biebrich"]
[Date "2014.08.30"]
[Round "5.16"]
[White "Osswald, Luis Monty"]
[Black "Baskin, Robert"]
[Result "0-1"]
[WhiteElo "2017"]
[BlackElo "2152"]
[PlyCount "74"]
[EventDate "2014.??.??"]
[WhiteTeam "Kasseler SK 1876"]
[BlackTeam "SAbt TuS Makkabi Ffm"]

1. e4 c5 2. Nf3 d6 3. d4 cxd4 4. Nxd4 Nf6 5. Nc3 a6 6. Rg1 e5 7. Nb3 Be6 8. g4
h6 9. h4 g6 10. g5 Nh5 11. Be3 hxg5 12. hxg5 Nf4 13. Bxf4 exf4 14. Qd4 Rh5 15.
Nd5 Bxd5 16. Qxd5 Nc6 17. O-O-O Qe7 18. Na5 Nxa5 19. Qxa5 Bg7 20. Qb6 Be5 21.
Be2 Rxg5 22. Rxg5 Qxg5 23. Qxb7 f3+ 24. Kb1 fxe2 25. Qxa8+ Ke7 26. Rh1 Qg2 27.
Qa7+ Kf6 28. Rc1 Bf4 29. Qd4+ Ke7 30. e5 dxe5 31. Qb4+ Kf6 32. Qe1 Qf3 33. b3
e4 34. c4 Qd3+ 35. Kb2 Bd2 36. Qg1 Bxc1+ 37. Kxc1 Qc3+ 0-1

[Event "26.Schlosspark-Open"]
[Site "Wiesbaden-Biebrich"]
[Date "2014.08.30"]
[Round "5.17"]
[White "Mager, Denis"]
[Black "Everett, Elijah"]
[Result "0-1"]
[WhiteElo "2152"]
[BlackElo "2049"]
[PlyCount "70"]
[EventDate "2014.??.??"]
[WhiteTeam "SAbt TuS Makkabi Ffm"]
[BlackTeam "SF Schöneck"]

1. c4 Nf6 2. Nc3 g6 3. d4 Bg7 4. e4 d6 5. Nf3 O-O 6. Be2 e5 7. O-O Nc6 8. d5
Ne7 9. Qc2 Nd7 10. Ne1 f5 11. f3 f4 12. Nd3 g5 13. Rb1 Rf7 14. b4 Nf6 15. Nf2
h5 16. h3 Bf8 17. c5 Rg7 18. Nb5 Ng6 19. Bd2 a6 20. Na3 Nh4 21. Be1 g4 22. fxg4
hxg4 23. Nxg4 Nxg4 24. Bxg4 Bxg4 25. hxg4 Rxg4 26. Bxh4 Qxh4 27. Rf3 Be7 28.
cxd6 cxd6 29. Qc7 Kf7 30. Rf2 Rh8 31. Kf1 Rg3 32. Rb3 Qh1+ 33. Ke2 Rxg2 34.
Rbf3 Rxf2+ 35. Rxf2 Qxe4+ 0-1

[Event "26.Schlosspark-Open"]
[Site "Wiesbaden-Biebrich"]
[Date "2014.08.30"]
[Round "5.19"]
[White "Hahn, Florian"]
[Black "Costea, Valerius"]
[Result "1-0"]
[WhiteElo "2133"]
[BlackElo "1988"]
[PlyCount "71"]
[EventDate "2014.??.??"]
[WhiteTeam "SJ Herborn 1998"]
[BlackTeam "SK Frankenthal"]

1. d4 Nf6 2. Nf3 g6 3. g3 b6 4. Bg2 Bb7 5. O-O Bg7 6. c4 d6 7. Nc3 Nbd7 8. d5
O-O 9. e4 a5 10. Ne1 Ba6 11. Qe2 Nc5 12. Nb5 Bxb5 13. cxb5 a4 14. Nc2 Nfd7 15.
Rb1 e5 16. Nb4 f5 17. Nc6 Qe8 18. f3 h6 19. b4 axb3 20. axb3 Nf6 21. b4 Ncd7
22. Bb2 fxe4 23. fxe4 Nh5 24. Bh3 Rxf1+ 25. Rxf1 Ndf6 26. Bc1 g5 27. Be6+ Kh8
28. Qf3 Ra1 29. Qf5 Rb1 30. Bd2 Rxf1+ 31. Kxf1 Qa8 32. Ne7 Qa1+ 33. Ke2 Qh1 34.
Ng6+ Kh7 35. Nf8+ Kh8 36. Qh7+ 1-0

[Event "26.Schlosspark-Open"]
[Site "Wiesbaden-Biebrich"]
[Date "2014.08.30"]
[Round "5.20"]
[White "Steimbach, Isabel"]
[Black "Minor, Samuel"]
[Result "0-1"]
[WhiteElo "1834"]
[BlackElo "2229"]
[PlyCount "82"]
[EventDate "2014.??.??"]
[WhiteTeam "OSG Baden-Baden"]
[BlackTeam "Wiesbadener SV 1885"]

1. e4 c5 2. Nf3 Nc6 3. d4 cxd4 4. Nxd4 Nf6 5. Nc3 d6 6. Bg5 e6 7. Qd2 Qb6 8.
Nb3 Be7 9. O-O-O O-O 10. f4 a6 11. Bxf6 Bxf6 12. Na4 Qa7 13. Qxd6 Be7 14. Qd2
b5 15. Nc3 b4 16. Nb1 Rd8 17. Bd3 a5 18. Qe2 a4 19. N3d2 Nd4 20. Qf1 Qc5 21.
Nc4 Ba6 22. Nbd2 e5 23. g3 Rac8 24. Kb1 a3 25. b3 Nb5 26. Rc1 Qd4 27. Qg1 Qc3
28. Qe1 Rd4 29. Rf1 Rdxc4 30. Nxc4 Rxc4 31. Qxc3 Nxc3+ 32. Ka1 Rc6 33. fxe5 Bg5
34. Rce1 Bd2 35. Rd1 Nxd1 36. Rxd1 Bc3+ 37. Kb1 Kf8 38. Bxa6 Rxa6 39. Rd7 Re6
40. Rc7 Rxe5 41. Rc4 f5 0-1

[Event "26.Schlosspark-Open"]
[Site "Wiesbaden-Biebrich"]
[Date "2014.08.30"]
[Round "5.21"]
[White "Hupprich, Thorsten"]
[Black "Björknes, Uwe"]
[Result "1/2-1/2"]
[WhiteElo "2000"]
[BlackElo "2133"]
[PlyCount "56"]
[EventDate "2014.??.??"]
[WhiteTeam "SK Lauterecken 1963"]
[BlackTeam "vereinslos"]

1. c4 Nf6 2. g3 g6 3. Bg2 d5 4. cxd5 Nxd5 5. Nc3 Nxc3 6. bxc3 Bg7 7. Rb1 O-O 8.
Rxb7 Bxb7 9. Bxb7 Nd7 10. Bxa8 Qxa8 11. f3 e5 12. Nh3 e4 13. fxe4 Qxe4 14. O-O
Re8 15. e3 Ne5 16. d4 Qg4 17. Qxg4 Nxg4 18. Nf4 f5 19. h3 Nf6 20. c4 Ne4 21.
Kg2 c6 22. Nd3 Rb8 23. Ba3 Bh6 24. Nf4 Nd2 25. Rc1 Nb1 26. Bc5 Rb2+ 27. Kg1 Nd2
28. Bxa7 Nf3+ 1/2-1/2

[Event "26.Schlosspark-Open"]
[Site "Wiesbaden-Biebrich"]
[Date "2014.08.30"]
[Round "5.22"]
[White "Gentner, Markus"]
[Black "Stimpel, Franz"]
[Result "1/2-1/2"]
[WhiteElo "1988"]
[BlackElo "2124"]
[PlyCount "104"]
[EventDate "2014.??.??"]
[WhiteTeam "SC Murrhardt 1948 e.V."]
[BlackTeam "Wiesbadener SV 1885"]

1. Nf3 Nf6 2. c4 g6 3. Nc3 Bg7 4. e4 d6 5. d4 O-O 6. Be2 Nbd7 7. Be3 e5 8. d5
Nc5 9. Nd2 a5 10. O-O Ne8 11. Nb3 b6 12. g4 f5 13. f3 Bd7 14. Kh1 Kh8 15. Nd2
Qe7 16. b3 Nf6 17. a3 Ng8 18. b4 Nb7 19. Nb3 Bh6 20. Bxh6 Nxh6 21. Qd2 Qh4 22.
g5 Nf7 23. Rg1 a4 24. Nc1 f4 25. Nd3 Nxg5 26. Nd1 Nf7 27. N1f2 Qe7 28. Rac1 Kg7
29. c5 bxc5 30. bxc5 Na5 31. Bd1 Bb5 32. Nxf4 exf4 33. Qb2+ Qe5 34. Qxb5 Rfb8
35. Qd7 Qb2 36. Rc2 Qxa3 37. Ng4 Rb1 38. Kg2 Qa1 39. Nf2 Qa3 40. Qe7 Rbb8 41.
Ng4 Nb3 42. Qf6+ Kg8 43. h4 Nxc5 44. Qe7 Rb2 45. Nf6+ Kg7 46. Nh5+ Kg8 47. Qf6
Rxc2+ 48. Bxc2 Kf8 49. Qg7+ Ke7 50. Qf6+ Kf8 51. Qg7+ Ke7 52. Qf6+ Kf8 1/2-1/2

[Event "26.Schlosspark-Open"]
[Site "Wiesbaden-Biebrich"]
[Date "2014.08.30"]
[Round "5.23"]
[White "Keller, Peter"]
[Black "Özdemir, Ali Özden"]
[Result "1-0"]
[WhiteElo "2110"]
[BlackElo "1958"]
[PlyCount "75"]
[EventDate "2014.??.??"]
[WhiteTeam "Sabt Frankfurter TV 1860"]
[BlackTeam "SK Langen"]

1. c4 g6 2. g3 Bg7 3. Bg2 Nc6 4. Nc3 e5 5. d3 Nge7 6. Rb1 a5 7. e3 O-O 8. Nge2
d6 9. O-O Rb8 10. a3 g5 11. b4 axb4 12. axb4 Ng6 13. b5 Nce7 14. e4 g4 15. d4
f5 16. Bg5 Qe8 17. exf5 Rxf5 18. Be3 Be6 19. d5 Bc8 20. b6 cxb6 21. Rxb6 Rh5
22. Ne4 Nf5 23. Nxd6 Qd8 24. Nxf5 Bxf5 25. Nc3 Nf4 26. Be4 Nh3+ 27. Kh1 Ng5 28.
Bg2 Nh3 29. d6 Nf4 30. Be4 Be6 31. c5 Qf6 32. Nd5 Bxd5 33. Bxd5+ Kh8 34. d7 Qf5
35. c6 Rf8 36. cxb7 Rb8 37. d8=Q+ Rxd8 38. b8=Q 1-0

[Event "26.Schlosspark-Open"]
[Site "Wiesbaden-Biebrich"]
[Date "2014.08.30"]
[Round "5.24"]
[White "Zimmer, Gerald"]
[Black "Barpiyeva, Gulsana"]
[Result "1/2-1/2"]
[WhiteElo "1975"]
[BlackElo "2098"]
[PlyCount "91"]
[EventDate "2014.??.??"]
[WhiteTeam "SC Bergen-Enkheim 1922"]
[BlackTeam "SC Brett vorm Kopp Ffm"]

1. d4 Nf6 2. Nf3 g6 3. g3 Bg7 4. Bg2 O-O 5. O-O d6 6. Nbd2 c5 7. dxc5 dxc5 8.
c3 Qc7 9. Nc4 Nfd7 10. e4 Nc6 11. Bf4 e5 12. Be3 b6 13. Re1 Bb7 14. Qd6 Qxd6
15. Nxd6 Ba6 16. Bf1 Bxf1 17. Kxf1 h6 18. Rad1 Nf6 19. Nh4 Ng4 20. h3 Nxe3+ 21.
Rxe3 a6 22. Red3 Rfd8 23. Nc4 b5 24. Ne3 c4 25. Rxd8+ Rxd8 26. Rxd8+ Nxd8 27.
Nd5 Ne6 28. Ng2 Nc5 29. Nc7 Bf8 30. f3 Bd6 31. Ne8 Bb8 32. Nf6+ Kg7 33. Nd5 Bd6
34. Nge3 a5 35. Nd1 f5 36. exf5 gxf5 37. N1e3 Kg6 38. Kg2 f4 39. gxf4 exf4 40.
Nc2 Nd3 41. Na3 Bxa3 42. bxa3 Nc1 43. Nc7 Nxa2 44. Nxb5 Kf6 45. Kf2 Ke5 46. Ke1
1/2-1/2

[Event "26.Schlosspark-Open"]
[Site "Wiesbaden-Biebrich"]
[Date "2014.08.30"]
[Round "5.25"]
[White "Werner, Dimo"]
[Black "Roggensack, Hans Peter"]
[Result "1/2-1/2"]
[WhiteElo "2097"]
[BlackElo "1970"]
[PlyCount "31"]
[EventDate "2014.??.??"]
[WhiteTeam "TSV Schott Mainz"]
[BlackTeam "SF Frankfurt 1921"]

1. d4 d5 2. Nf3 Nf6 3. c4 c6 4. e3 a6 5. Be2 e6 6. O-O dxc4 7. Bxc4 c5 8. dxc5
Qxd1 9. Rxd1 Bxc5 10. a3 b5 11. Be2 Bb7 12. b4 Bb6 13. Bb2 Nc6 14. Nbd2 Ke7 15.
Nb3 Rhd8 16. Nfd4 1/2-1/2

[Event "26.Schlosspark-Open"]
[Site "Wiesbaden-Biebrich"]
[Date "2014.08.30"]
[Round "5.27"]
[White "Leidorf, Sebastian"]
[Black "Haftmann, Rainer"]
[Result "1/2-1/2"]
[WhiteElo "2052"]
[BlackElo "1920"]
[PlyCount "70"]
[EventDate "2014.??.??"]
[WhiteTeam "SV Bergwinkel"]
[BlackTeam "SAbt SG 1945 Dietzenbach"]

1. c4 Nf6 2. g3 e6 3. Bg2 d5 4. Nf3 c6 5. b3 Nbd7 6. Bb2 Bd6 7. O-O O-O 8. Nc3
Re8 9. d3 a6 10. e4 Ne5 11. Nxe5 Bxe5 12. d4 Bc7 13. e5 Nd7 14. cxd5 cxd5 15.
f4 f5 16. g4 g6 17. gxf5 gxf5 18. Nxd5 exd5 19. Bxd5+ Kh8 20. Bf7 Rg8+ 21. Kh1
Rg7 22. e6 Nf6 23. d5 b5 24. Rg1 Bb7 25. Rxg7 Kxg7 26. Qg1+ Kf8 27. Qc5+ Qe7
28. Qd4 Bxd5+ 29. Kg1 Bd8 30. Rd1 Qb7 31. Ba3+ Kg7 32. Bc5 Rc8 33. b4 Bh1 34.
Qf2 Ng4 35. Qg3 Qe4 1/2-1/2

[Event "26.Schlosspark-Open"]
[Site "Wiesbaden-Biebrich"]
[Date "2014.08.30"]
[Round "5.28"]
[White "Karthaus, Carsten"]
[Black "Seickel, Ralf"]
[Result "0-1"]
[WhiteElo "1970"]
[BlackElo "2073"]
[PlyCount "58"]
[EventDate "2014.??.??"]
[WhiteTeam "SC Murrhardt 1948 e.V."]
[BlackTeam "vereinslos"]

1. e4 c5 2. Nf3 d6 3. d4 cxd4 4. Nxd4 Nf6 5. Nc3 a6 6. Be2 e5 7. Nb3 Be6 8. Be3
Nbd7 9. O-O Be7 10. f4 Qc7 11. f5 Bc4 12. g4 Nb6 13. g5 Nfd7 14. Bxc4 Qxc4 15.
f6 gxf6 16. gxf6 Bf8 17. Na5 Qb4 18. Nb3 Nc4 19. a3 Nxe3 20. axb4 Nxd1 21.
Raxd1 Rc8 22. Nd5 Rxc2 23. Rc1 Rg8+ 24. Kh1 Rgg2 25. Ne3 Rxh2+ 26. Kg1 Rxc1 27.
Rxc1 Nxf6 28. Kxh2 Bh6 29. Re1 Bxe3 0-1

[Event "26.Schlosspark-Open"]
[Site "Wiesbaden-Biebrich"]
[Date "2014.08.30"]
[Round "5.29"]
[White "Schmidt, Volker"]
[Black "Brechlin, Olaf"]
[Result "0-1"]
[WhiteElo "1967"]
[BlackElo "2036"]
[PlyCount "52"]
[EventDate "2014.??.??"]
[WhiteTeam "SAbt TuS Dotzheim"]
[BlackTeam "FVS ASP Hoyerswerda"]

1. c4 b6 2. Nc3 Bb7 3. e4 e5 4. g3 f5 5. d3 Nf6 6. Bg2 Bc5 7. f3 fxe4 8. dxe4
O-O 9. Qd3 Nc6 10. a3 a5 11. Be3 Nd4 12. Bxd4 Bxd4 13. Nge2 c5 14. Nxd4 cxd4
15. Ne2 Rc8 16. a4 Ba6 17. b3 d5 18. exd5 Nxd5 19. Bh3 Ne3 20. Bxc8 Bxc8 21.
Qe4 Bf5 22. Qc6 d3 23. Nc3 d2+ 24. Kf2 Qd4 25. Ne2 Nd1+ 26. Kg2 Qf2# 0-1